Welcome to CU Library Online Public Access Catalogue (OPAC)

Global business today (Record no. 6261)

MARC details
000 -LEADER
fixed length control field 00436nam a22001697a 4500
005 - DATE AND TIME OF LATEST TRANSACTION
control field 20250604130514.0
008 - FIXED-LENGTH DATA ELEMENTS--GENERAL INFORMATION
fixed length control field 250604b |||||||| |||| 00| 0 eng d
020 ## - INTERNATIONAL STANDARD BOOK NUMBER
International Standard Book Number 9780071285506
050 ## - LIBRARY OF CONGRESS CALL NUMBER
Classification number HD 62.4.H548 HIL
Item number 1
100 ## - MAIN ENTRY--PERSONAL NAME
Personal name HILL,W.L. Charlse
245 ## - TITLE STATEMENT
Title Global business today
250 ## - EDITION STATEMENT
Edition statement 6th
260 ## - PUBLICATION, DISTRIBUTION, ETC.
Place of publication, distribution, etc. Boston
Name of publisher, distributor, etc. McGraw-Hill
Date of publication, distribution, etc. 2009c
300 ## - PHYSICAL DESCRIPTION
Extent xxiii,608p
500 ## - GENERAL NOTE
General note Maps, pictures diagrams
942 ## - ADDED ENTRY ELEMENTS (KOHA)
Source of classification or shelving scheme Library of Congress Classification
Koha item type Books
Edition 6th
Suppress in OPAC No
999 ## -
-- 6261
-- 6261
Holdings
Withdrawn status Lost status Source of classification or shelving scheme Damaged status Not for loan Collection Home library Current library Shelving location Date acquired Total checkouts Full call number Barcode Date last seen Copy number Price effective from Koha item type
    Library of Congress Classification     Non-fiction Graduate Library (Christ Temple) Graduate Library (Christ Temple) General stacks 06/04/2025   HD 62.4 H 548 HIL GSCT00001512 06/04/2025 1 06/04/2025 Books
    Library of Congress Classification     Non-fiction Graduate Library (Christ Temple) Graduate Library (Christ Temple) General stacks 06/04/2025   HD 62.4 H 548 HIL GSCT00001513 06/04/2025 2 06/04/2025 Books
    Library of Congress Classification     Non-fiction Graduate Library (Christ Temple) Graduate Library (Christ Temple) General stacks 06/04/2025   HD 62.4 H 548 HIL GSCT00001514 06/04/2025 3 06/04/2025 Books
    Library of Congress Classification     Non-fiction Graduate Library (Christ Temple) Graduate Library (Christ Temple) General stacks 06/04/2025   HD 62.4 H 548 HIL GSCT00001515 06/04/2025 4 06/04/2025 Books
    Library of Congress Classification     Non-fiction Graduate Library (Christ Temple) Graduate Library (Christ Temple) General stacks 06/04/2025   HD 62.4 H 548 HIL GSCT00001516 06/04/2025 5 06/04/2025 Books
    Library of Congress Classification     Non-fiction Graduate Library (Christ Temple) Graduate Library (Christ Temple) General stacks 06/09/2025   HD 62.4 H548 HIL GSCT00001561 06/09/2025 6 06/09/2025 Books
© 2023-2024 Copyright: Central University Libraries. All Rights Reserved | Created by: Mahone Tech Office